| 000 | 00827nam a22001577a 4500 | ||
|---|---|---|---|
| 020 | _a020156341X | ||
| 040 | _cNUST | ||
| 082 | _a005.75,LOO | ||
| 100 |
_aLoomis, Mary E.S. _9100360 |
||
| 245 |
_aObject Database the Essentials / _cMary E.E. loomis |
||
| 260 |
_aNew York _bAddison _c1995 |
||
| 300 | _axv, 230 p.; | ||
| 505 | _aThe Role of Object DBMs (Page-1), Object Databases from a Programming Language Perspective (Page-17), Object Database From a Database Management Perspective (Page-31), Object Database and Programming Clashes (Page-57), An Object Model (Page-87), Storing and Finding Persistent Objects (Page-111), Object Sharing (Page-145), Querying Object (Page-173), Evaluating Object DBMSs (Page-191), Direction (Page-203). | ||
| 650 |
_aObject Oriented Database _9134006 |
||
| 942 |
_2ddc _cREF _k005.75,LOO |
||
| 999 |
_c616927 _d616927 |
||